000 00668nam a2200229Ia 4500
003 OSt
005 20220926043824.0
006 a|||||r|||| 00| 0
007 ta
008 220923b |||||||| |||| 00| 0 eng d
037 _cGeneral Book
040 _aRTL
_cRTL
_beng
041 _2eng
_aeng
082 _aX9Ju23642CB:N3, G2
100 _aAbdur Rahim Khan
_9348271
245 0 _aEconomics survey of Bhambu Sandila, a village in t
260 _c1932
490 _aBoard of economic Enquiry, Punjab Publication
650 _aAgricultural Industry
942 _hX9Ju23642CB:N3, G2
_cGB
_2CC
999 _c673290
_d673290